[Event "MP do 16 lat - chlopcy"]
[Site "Sypniewo"]
[Date "2022.03.19"]
[Round "1.17"]
[White "Pisarek, Jan"]
[Black "Zalega, Maciej"]
[Result "0-1"]
[BlackElo "1994"]
[WhiteElo "1703"]
[LiveChessVersion "1.4.8"]

1. e4 {[%clk 1:30:56]} c5 {[%clk 1:30:58]} 2. Nf3 {[%clk 1:31:19]} Nc6
{[%clk 1:31:24]} 3. Bb5 {[%clk 1:31:41]} e5 {[%clk 1:31:34]} 4. O-O
{[%clk 1:31:09]} Bd6 {[%clk 1:31:59]} 5. c3 {[%clk 1:25:42]} a6 {[%clk 1:32:25]}
6. Bxc6 {[%clk 1:14:07]} dxc6 {[%clk 1:32:54]} 7. d3 {[%clk 1:14:07]} Nf6
{[%clk 1:30:31]} 8. h3 {[%clk 1:12:43]} Qe7 {[%clk 1:28:46]} 9. Qc2
{[%clk 1:09:23]} Bc7 {[%clk 1:24:55]} 10. Be3 {[%clk 1:09:01]} Be6
{[%clk 1:23:24]} 11. Nbd2 {[%clk 1:01:17]} O-O-O {[%clk 1:12:13]} 12. d4
{[%clk 0:54:23]} cxd4 {[%clk 1:07:25]} 13. cxd4 exd4 {[%clk 1:07:51]} 14. Nxd4
{[%clk 0:53:46]} Rhe8 {[%clk 1:05:45]} 15. Rfd1 {[%clk 0:39:15]} Bd7
{[%clk 1:01:26]} 16. Nf5 {[%clk 0:16:52]} Bxf5 {[%clk 1:00:17]} 17. exf5
{[%clk 0:17:17]} Nd5 {[%clk 1:00:08]} 18. Bc5 {[%clk 0:15:01]} Qf6
{[%clk 0:57:57]} 19. Nf3 {[%clk 0:13:42]} Nf4 {[%clk 0:54:33]} 20. Be3
{[%clk 0:13:58]} Be5 {[%clk 0:38:10]} 21. Rxd8+ {[%clk 0:11:32]} Rxd8
{[%clk 0:38:14]} 22. g3 {[%clk 0:10:28]} Bxb2 {[%clk 0:23:39]} 23. Rb1
{[%clk 0:10:20]} Nd3 {[%clk 0:24:06]} 24. Bg5 {[%clk 0:09:10]} Qxf5
{[%clk 0:24:11]} 25. Bxd8 {[%clk 0:08:38]} Qxf3 {[%clk 0:24:31]} 26. Bb6
{[%clk 0:08:04]} Bf6 {[%clk 0:21:18]} 27. Rd1 {[%clk 0:06:58]} Nb4
{[%clk 0:20:56]} 28. Qd2 {[%clk 0:05:05]} Nd5 {[%clk 0:20:59]} 29. Bd4
{[%clk 0:04:41]} h5 {[%clk 0:13:18]} 30. h4 {[%clk 0:04:15]} Bxh4
{[%clk 0:11:08]} 31. Bxg7 {[%clk 0:04:18]} Bxg3 {[%clk 0:11:12]} 32. Re1
{[%clk 0:02:48]} Bd6 {[%clk 0:07:24]} 33. Qe2 {[%clk 0:02:29]} Qg4+
{[%clk 0:05:36]} 34. Qxg4+ {[%clk 0:02:53]} hxg4 {[%clk 0:06:05]} 35. Be5
{[%clk 0:02:15]} Kd7 {[%clk 0:06:06]} 36. Kg2 {[%clk 0:02:09]} f6
{[%clk 0:03:13]} 37. Bxd6 {[%clk 0:01:46]} Kxd6 {[%clk 0:03:40]} 38. Kf1
{[%clk 0:01:01]} c5 {[%clk 0:03:40]} 39. Re4 {[%clk 0:00:48]} f5 {[%clk 0:03:41]}
40. Ra4 {[%clk 0:31:06]} Kc6 {[%clk 0:33:12]} 41. Ra3 {[%clk 0:24:16]} c4
{[%clk 0:33:23]} 42. Ra5 {[%clk 0:15:16]} f4 {[%clk 0:32:04]} 43. Ke1
{[%clk 0:13:48]} Kd6 {[%clk 0:29:57]} 44. Kd2 {[%clk 0:12:25]} c3+
{[%clk 0:26:50]} 45. Kd3 {[%clk 0:11:03]} g3 {[%clk 0:26:27]} 46. fxg3
{[%clk 0:09:04]} fxg3 {[%clk 0:23:06]} 47. Ra4 {[%clk 0:01:54]} c2
{[%clk 0:23:08]} 48. Kxc2 {[%clk 0:01:26]} g2 {[%clk 0:23:33]} 0-1

[Event "MP do 16 lat - chlopcy"]
[Site "Sypniewo"]
[Date "2022.03.19"]
[Round "1.18"]
[White "Maslanka, Wojciech"]
[Black "Demski, Michal"]
[Result "1-0"]
[BlackElo "1678"]
[WhiteElo "1980"]
[LiveChessVersion "1.4.8"]

1. Nf3 {[%clk 1:30:50]} Nf6 {[%clk 1:27:28]} 2. d4 {[%clk 1:30:10]} d6
{[%clk 1:26:06]} 3. Nc3 {[%clk 1:30:14]} Nbd7 {[%clk 1:20:35]} 4. e4
{[%clk 1:28:43]} g6 {[%clk 1:17:57]} 5. e5 {[%clk 1:21:26]} dxe5 {[%clk 1:12:51]}
6. dxe5 {[%clk 1:21:42]} Ng4 {[%clk 1:10:55]} 7. e6 {[%clk 1:20:00]} Nde5
{[%clk 1:00:56]} 8. Qxd8+ {[%clk 1:14:48]} Kxd8 {[%clk 1:00:07]} 9. Nxe5
{[%clk 1:12:16]} Nxe5 {[%clk 1:00:34]} 10. Bf4 {[%clk 1:12:39]} Bxe6
{[%clk 0:42:31]} 11. Bxe5 {[%clk 1:13:00]} f6 {[%clk 0:42:58]} 12. O-O-O+
{[%clk 1:12:52]} Kc8 {[%clk 0:43:26]} 13. Bf4 {[%clk 1:12:36]} c6
{[%clk 0:43:53]} 14. Be2 {[%clk 1:10:30]} h5 {[%clk 0:44:02]} 15. h4
{[%clk 1:05:20]} Bf7 {[%clk 0:43:58]} 16. Ne4 {[%clk 1:01:22]} Bxa2
{[%clk 0:42:32]} 17. b3 {[%clk 0:56:39]} e5 {[%clk 0:42:44]} 18. Bh2
{[%clk 0:53:40]} Ba3+ {[%clk 0:41:22]} 19. Kd2 {[%clk 0:54:05]} Bb4+
{[%clk 0:41:10]} 20. c3 {[%clk 0:52:34]} Bxb3 {[%clk 0:40:47]} 21. cxb4
{[%clk 0:52:46]} Bxd1 {[%clk 0:41:00]} 22. Rxd1 {[%clk 0:53:02]} Rd8+
{[%clk 0:38:58]} 23. Kc3 {[%clk 0:53:18]} Rxd1 {[%clk 0:39:07]} 24. Bxd1
{[%clk 0:53:43]} f5 {[%clk 0:36:24]} 25. Nd6+ {[%clk 0:53:47]} Kd7
{[%clk 0:36:47]} 26. Nxb7 {[%clk 0:53:46]} Ke6 {[%clk 0:36:58]} 27. Nc5+
{[%clk 0:53:56]} Kd6 {[%clk 0:36:43]} 28. Bb3 {[%clk 0:53:25]} Rb8
{[%clk 0:36:18]} 29. Bxe5+ {[%clk 0:53:09]} Kd5 1-0

[Event "MP do 16 lat - chlopcy"]
[Site "Sypniewo"]
[Date "2022.03.19"]
[Round "1.19"]
[White "Malinowski, Szymon"]
[Black "Taranowicz, Michal"]
[Result "1-0"]
[BlackElo "1965"]
[WhiteElo "1675"]
[LiveChessVersion "1.4.8"]

1. d4 {[%clk 1:30:55]} Nf6 {[%clk 1:30:58]} 2. Nf3 {[%clk 1:31:09]} d5
{[%clk 1:31:25]} 3. Bf4 {[%clk 1:31:25]} c5 {[%clk 1:31:47]} 4. e3
{[%clk 1:31:13]} Nc6 {[%clk 1:32:13]} 5. Bd3 {[%clk 1:28:03]} e6 {[%clk 1:32:27]}
6. c3 {[%clk 1:28:21]} Qb6 {[%clk 1:32:53]} 7. Qc2 {[%clk 1:28:14]} cxd4
{[%clk 1:33:15]} 8. exd4 {[%clk 1:28:07]} Bd7 {[%clk 1:33:42]} 9. Nbd2
{[%clk 1:27:37]} Rc8 {[%clk 1:34:04]} 10. Qb1 {[%clk 1:27:03]} Na5
{[%clk 1:31:27]} 11. O-O {[%clk 1:26:22]} Bb5 {[%clk 1:31:55]} 12. Bxb5+
{[%clk 1:22:06]} Qxb5 {[%clk 1:32:20]} 13. Qc2 {[%clk 1:13:52]} Be7
{[%clk 1:30:54]} 14. Ne5 {[%clk 1:10:21]} O-O {[%clk 1:29:11]} 15. Bg5
{[%clk 1:08:36]} Rc7 {[%clk 1:19:34]} 16. Rab1 {[%clk 1:02:42]} Rfc8
{[%clk 1:11:10]} 17. f4 {[%clk 1:00:49]} g6 {[%clk 1:03:41]} 18. Bxf6
{[%clk 0:56:17]} Bxf6 {[%clk 1:04:01]} 19. Ndf3 {[%clk 0:55:47]} Nc4
{[%clk 0:59:29]} 20. Qf2 {[%clk 0:55:24]} Nd6 {[%clk 0:58:11]} 21. g4
{[%clk 0:42:10]} Qa4 {[%clk 0:51:21]} 22. a3 {[%clk 0:40:53]} b5 {[%clk 0:47:26]}
23. Nd2 {[%clk 0:36:03]} a5 {[%clk 0:36:57]} 24. Nd3 {[%clk 0:35:19]} Qc2
{[%clk 0:21:37]} 25. Qe3 {[%clk 0:34:15]} Nc4 {[%clk 0:17:22]} 26. Nxc4
{[%clk 0:33:00]} dxc4 {[%clk 0:15:50]} 27. Nc5 {[%clk 0:26:05]} Rxc5
{[%clk 0:15:58]} 28. dxc5 {[%clk 0:26:21]} Be7 {[%clk 0:16:02]} 29. c6
{[%clk 0:25:45]} Rxc6 {[%clk 0:15:24]} 30. Qf3 {[%clk 0:26:09]} Bc5+
{[%clk 0:15:21]} 31. Kh1 {[%clk 0:26:29]} Rd6 {[%clk 0:15:30]} 32. Rfc1
{[%clk 0:22:31]} Qd2 {[%clk 0:08:30]} 33. Rd1 {[%clk 0:20:35]} Qc2
{[%clk 0:08:53]} 34. Rxd6 {[%clk 0:16:15]} Qxb1+ {[%clk 0:09:03]} 35. Rd1
{[%clk 0:16:35]} Qxb2 {[%clk 0:08:26]} 36. f5 {[%clk 0:16:54]} exf5
{[%clk 0:05:49]} 37. gxf5 {[%clk 0:17:12]} Qxa3 {[%clk 0:02:02]} 38. Rf1
{[%clk 0:16:40]} g5 {[%clk 0:01:30]} 39. f6 {[%clk 0:16:23]} b4 {[%clk 0:00:47]}
40. Qf5 {[%clk 0:46:33]} h6 {[%clk 0:30:38]} 41. Qxc5 {[%clk 0:46:36]} Qxc3
{[%clk 0:30:46]} 42. Qe7 {[%clk 0:46:11]} 1-0

[Event "MP do 16 lat - chlopcy"]
[Site "Sypniewo"]
[Date "2022.03.19"]
[Round "1.20"]
[White "Jedraszek, Pawel"]
[Black "Wesolek, Krzysztof"]
[Result "1-0"]
[BlackElo "1651"]
[WhiteElo "1954"]
[LiveChessVersion "1.4.8"]

1. e4 {[%clk 1:30:56]} e5 {[%clk 1:30:56]} 2. Nf3 {[%clk 1:31:13]} Nf6
{[%clk 1:31:22]} 3. Nxe5 {[%clk 1:31:00]} d6 {[%clk 1:31:46]} 4. Nf3
{[%clk 1:31:17]} Nxe4 {[%clk 1:32:11]} 5. Nc3 {[%clk 1:31:00]} Nxc3
{[%clk 1:32:36]} 6. dxc3 {[%clk 1:31:23]} Be7 {[%clk 1:32:59]} 7. Bf4
{[%clk 1:30:45]} Nc6 {[%clk 1:32:47]} 8. Qd2 {[%clk 1:29:47]} Be6
{[%clk 1:32:50]} 9. O-O-O {[%clk 1:27:54]} Qd7 {[%clk 1:32:37]} 10. Kb1
{[%clk 1:27:04]} Bf6 {[%clk 1:27:24]} 11. h3 {[%clk 1:25:44]} O-O-O
{[%clk 1:26:10]} 12. g4 {[%clk 1:23:10]} h6 {[%clk 1:20:31]} 13. Bb5
{[%clk 1:21:48]} a6 {[%clk 1:20:40]} 14. Ba4 {[%clk 1:22:16]} Rhe8
{[%clk 1:10:18]} 15. Be3 {[%clk 1:15:13]} Bc4 {[%clk 1:00:26]} 16. Ng1
{[%clk 1:08:27]} b5 {[%clk 0:47:50]} 17. Bb3 {[%clk 1:08:46]} Na5
{[%clk 0:46:46]} 18. Ne2 {[%clk 1:06:06]} Nxb3 {[%clk 0:36:36]} 19. axb3
{[%clk 1:06:27]} Bxe2 {[%clk 0:36:55]} 20. Qxe2 {[%clk 1:06:56]} Qc6
{[%clk 0:36:58]} 21. Qd2 {[%clk 0:55:32]} Re6 {[%clk 0:30:20]} 22. h4
{[%clk 0:50:57]} Rde8 {[%clk 0:24:00]} 23. g5 {[%clk 0:45:01]} hxg5
{[%clk 0:24:24]} 24. hxg5 {[%clk 0:45:24]} Be5 {[%clk 0:20:33]} 25. Rh7
{[%clk 0:41:26]} Qf3 {[%clk 0:16:54]} 26. Rdh1 {[%clk 0:37:34]} d5
{[%clk 0:09:32]} 27. Qd3 {[%clk 0:32:46]} Qe4 {[%clk 0:08:27]} 28. Qd1
{[%clk 0:20:57]} c6 {[%clk 0:08:03]} 29. Qh5 {[%clk 0:19:13]} g6 {[%clk 0:04:08]}
30. Qh3 {[%clk 0:18:47]} R8e7 {[%clk 0:02:39]} 31. Bc5 {[%clk 0:15:35]} Rd7
{[%clk 0:03:07]} 32. f3 {[%clk 0:12:48]} Qf5 {[%clk 0:03:05]} 33. Qxf5
{[%clk 0:10:12]} gxf5 {[%clk 0:03:34]} 34. R1h6 {[%clk 0:10:15]} Rg6
{[%clk 0:00:49]} 35. Rxf7 {[%clk 0:10:02]} Rxg5 {[%clk 0:00:40]} 36. Rxc6+
{[%clk 0:09:52]} Bc7 {[%clk 0:00:40]} 37. Rf8+ {[%clk 0:07:43]} Kb7
{[%clk 0:00:42]} 38. Rcf6 {[%clk 0:08:11]} f4 {[%clk 0:00:58]} 39. Bf2
{[%clk 0:04:37]} Rg2 {[%clk 0:00:41]} 40. Bd4 {[%clk 0:34:05]} Rg3
{[%clk 0:30:41]} 41. Re6 {[%clk 0:31:28]} Rd8 {[%clk 0:08:42]} 42. Rf7
{[%clk 0:31:00]} Rc8 {[%clk 0:06:03]} 43. Be5 {[%clk 0:23:26]} Kb8
{[%clk 0:02:05]} 44. Ree7 {[%clk 0:22:54]} Rg1+ {[%clk 0:00:42]} 45. Ka2 Rg2 1-0

[Event "MP do 16 lat - chlopcy"]
[Site "Sypniewo"]
[Date "2022.03.19"]
[Round "1.21"]
[White "Jendrowiak, Maciej"]
[Black "Herwy, Jakub"]
[Result "0-1"]
[BlackElo "1947"]
[WhiteElo "1650"]
[LiveChessVersion "1.4.8"]

1. e4 {[%clk 1:30:57]} c5 {[%clk 1:30:56]} 2. c3 {[%clk 1:31:13]} Nf6
{[%clk 1:31:16]} 3. e5 {[%clk 1:31:23]} Nd5 4. Nf3 d6 {[%clk 1:31:49]} 5. d4
{[%clk 1:30:20]} cxd4 {[%clk 1:31:24]} 6. cxd4 {[%clk 1:30:28]} Nc6
{[%clk 1:29:14]} 7. Bc4 {[%clk 1:29:19]} Nb6 {[%clk 1:13:49]} 8. Bb3
{[%clk 1:23:26]} Bf5 {[%clk 1:11:02]} 9. O-O {[%clk 1:20:18]} dxe5
{[%clk 1:09:40]} 10. Nxe5 {[%clk 1:18:38]} Nxe5 {[%clk 1:09:39]} 11. dxe5
{[%clk 1:18:59]} e6 {[%clk 1:09:54]} 12. Ba4+ {[%clk 1:17:41]} Nxa4
{[%clk 1:10:15]} 13. Qxa4+ {[%clk 1:18:05]} Qd7 {[%clk 1:10:41]} 14. Qxd7+
{[%clk 1:18:02]} Kxd7 {[%clk 1:11:09]} 15. Rd1+ {[%clk 1:17:41]} Kc6
{[%clk 1:05:55]} 16. Be3 {[%clk 1:16:22]} Be7 {[%clk 0:58:32]} 17. Nd2
{[%clk 1:14:26]} b6 {[%clk 0:58:37]} 18. Nb3 {[%clk 1:14:30]} Rhd8
{[%clk 0:58:17]} 19. Rac1+ {[%clk 1:09:01]} Kb7 {[%clk 0:58:39]} 20. f3
{[%clk 1:03:22]} Rxd1+ {[%clk 0:57:47]} 21. Rxd1 {[%clk 1:03:44]} Rd8
{[%clk 0:58:09]} 22. Rxd8 {[%clk 1:02:58]} Bxd8 {[%clk 0:58:37]} 23. a3
{[%clk 1:01:23]} Bc7 {[%clk 0:58:21]} 24. f4 {[%clk 0:58:09]} Kc6
{[%clk 0:58:33]} 25. Kf2 {[%clk 0:55:54]} Kd5 {[%clk 0:58:38]} 26. Nd4
{[%clk 0:51:21]} Bd3 {[%clk 0:53:26]} 27. Ke1 {[%clk 0:48:57]} a6
{[%clk 0:52:25]} 28. Kd2 {[%clk 0:48:57]} Be4 {[%clk 0:52:18]} 29. g3
{[%clk 0:49:08]} h5 {[%clk 0:43:17]} 30. Ne2 {[%clk 0:42:56]} Bg6
{[%clk 0:40:58]} 31. Nd4 {[%clk 0:41:42]} Ke4 {[%clk 0:32:31]} 32. h3
{[%clk 0:39:22]} Bf5 {[%clk 0:31:56]} 33. Nxf5 {[%clk 0:32:04]} exf5
{[%clk 0:32:19]} 34. Ke2 {[%clk 0:32:03]} h4 {[%clk 0:31:13]} 35. gxh4
{[%clk 0:31:10]} g6 {[%clk 0:31:38]} 36. Bg1 {[%clk 0:16:53]} b5 {[%clk 0:31:03]}
37. b3 {[%clk 0:10:38]} Bd8 {[%clk 0:30:53]} 38. h5 {[%clk 0:07:18]} gxh5
{[%clk 0:31:15]} 39. Bc5 {[%clk 0:02:28]} Kxf4 {[%clk 0:31:20]} 40. Bd6
{[%clk 0:32:54]} Ke4 {[%clk 1:01:43]} 41. a4 {[%clk 0:32:58]} f4 {[%clk 1:02:04]}
42. axb5 {[%clk 0:33:12]} axb5 {[%clk 1:02:27]} 43. b4 {[%clk 0:32:25]} f3+
{[%clk 1:02:40]} 44. Kf1 {[%clk 0:32:47]} Bb6 {[%clk 1:03:04]} 0-1

[Event "MP do 16 lat - chlopcy"]
[Site "Sypniewo"]
[Date "2022.03.19"]
[Round "1.22"]
[White "Ciszewski, Krzysztof"]
[Black "Goral, Jan"]
[Result "1-0"]
[BlackElo "1618"]
[WhiteElo "1939"]
[LiveChessVersion "1.4.8"]

1. d4 {[%clk 1:30:58]} Nf6 {[%clk 1:30:47]} 2. c4 {[%clk 1:31:23]} e6
{[%clk 1:31:05]} 3. Nc3 {[%clk 1:31:44]} Bb4 {[%clk 1:31:19]} 4. e3
{[%clk 1:32:07]} d5 {[%clk 1:31:24]} 5. Nf3 {[%clk 1:32:19]} O-O {[%clk 1:31:30]}
6. Bd3 {[%clk 1:28:30]} b6 {[%clk 1:28:14]} 7. Qc2 {[%clk 1:22:28]} Bb7
{[%clk 1:24:39]} 8. cxd5 {[%clk 1:21:43]} exd5 {[%clk 1:19:25]} 9. O-O
{[%clk 1:15:33]} Nbd7 {[%clk 1:14:06]} 10. a3 {[%clk 1:10:23]} Bxc3
{[%clk 1:08:11]} 11. bxc3 {[%clk 1:10:17]} c5 {[%clk 1:06:21]} 12. Ne5
{[%clk 0:46:06]} Qc7 {[%clk 1:03:38]} 13. Nxd7 {[%clk 0:44:29]} Qxd7
{[%clk 1:04:00]} 14. dxc5 {[%clk 0:33:56]} bxc5 {[%clk 1:03:56]} 15. c4
{[%clk 0:32:53]} d4 {[%clk 0:29:15]} 16. f3 {[%clk 0:27:45]} dxe3
{[%clk 0:19:35]} 17. Bxe3 {[%clk 0:27:50]} Qc6 {[%clk 0:19:18]} 18. Qf2
{[%clk 0:22:35]} Rfd8 {[%clk 0:11:55]} 19. Rad1 {[%clk 0:16:17]} Nd7
{[%clk 0:06:01]} 20. Be4 {[%clk 0:09:25]} Qc7 {[%clk 0:06:02]} 21. Bxb7
{[%clk 0:09:30]} Qxb7 {[%clk 0:06:26]} 22. Bxc5 {[%clk 0:08:42]} Rdc8
{[%clk 0:05:48]} 23. Rd5 {[%clk 0:05:53]} Qc6 {[%clk 0:03:59]} 24. Bxa7
{[%clk 0:04:42]} Rc7 {[%clk 0:04:04]} 25. Be3 {[%clk 0:04:06]} Qxc4
{[%clk 0:03:25]} 26. Rfd1 {[%clk 0:04:06]} Nf8 {[%clk 0:02:54]} 27. Rc5
{[%clk 0:02:46]} Rxc5 {[%clk 0:02:52]} 28. Bxc5 {[%clk 0:03:15]} Ne6
{[%clk 0:03:10]} 29. Bb4 {[%clk 0:03:19]} h6 {[%clk 0:02:50]} 30. Bd6
{[%clk 0:01:58]} Rd8 {[%clk 0:02:41]} 31. Qb6 {[%clk 0:01:13]} Qc2
{[%clk 0:01:42]} 32. Re1 {[%clk 0:00:58]} Rd7 {[%clk 0:00:47]} 33. Qb8+
{[%clk 0:01:00]} Rd8 {[%clk 0:00:47]} 34. Qb6 {[%clk 0:01:11]} Rd7
{[%clk 0:01:05]} 35. Qb8+ {[%clk 0:01:40]} Rd8 {[%clk 0:01:33]} 36. Qb4
{[%clk 0:02:00]} Qc6 {[%clk 0:01:23]} 37. Bg3 {[%clk 0:01:53]} Nd4
{[%clk 0:00:34]} 38. Qe7 {[%clk 0:02:12]} Qc8 {[%clk 0:00:32]} 39. Qc7
{[%clk 0:01:26]} Qa8 {[%clk 0:00:33]} 40. h3 {[%clk 0:31:00]} Rc8
{[%clk 0:30:37]} 41. Qd7 {[%clk 0:26:48]} Rd8 {[%clk 0:28:15]} 42. Qg4
{[%clk 0:19:19]} Ne6 {[%clk 0:18:42]} 43. Be5 {[%clk 0:14:24]} Qxa3
{[%clk 0:14:47]} 44. f4 {[%clk 0:07:17]} Qc5+ {[%clk 0:13:08]} 45. Kh2
{[%clk 0:06:34]} Qb4 {[%clk 0:10:50]} 46. Re3 {[%clk 0:04:06]} Kh7
{[%clk 0:04:08]} 47. Rg3 {[%clk 0:01:58]} g6 {[%clk 0:03:01]} 48. Qh4
{[%clk 0:01:36]} g5 {[%clk 0:01:52]} 49. Qh5 {[%clk 0:01:36]} Rd7
{[%clk 0:00:35]} 50. fxg5 {[%clk 0:01:44]} Nxg5 {[%clk 0:00:35]} 51. Rxg5
{[%clk 0:02:04]} Qf8 {[%clk 0:00:44]} 52. Rg7+ {[%clk 0:02:13]} Qxg7
{[%clk 0:01:11]} 53. Bxg7 {[%clk 0:02:41]} Kxg7 {[%clk 0:01:29]} 54. Qg4+
{[%clk 0:02:57]} 1-0

[Event "MP do 16 lat - chlopcy"]
[Site "Sypniewo"]
[Date "2022.03.19"]
[Round "1.23"]
[White "Rzenca, Jerzy"]
[Black "Myrmus, Mateusz"]
[Result "1/2-1/2"]
[BlackElo "1925"]
[WhiteElo "1586"]
[LiveChessVersion "1.4.8"]

1. e4 {[%clk 1:30:57]} c5 {[%clk 1:30:54]} 2. Nc3 {[%clk 1:31:20]} a6
{[%clk 1:31:14]} 3. g3 {[%clk 1:31:30]} Nc6 {[%clk 1:31:19]} 4. d3
{[%clk 1:30:30]} d6 {[%clk 1:29:33]} 5. Bg2 {[%clk 1:30:46]} Nf6 {[%clk 1:28:26]}
6. f4 {[%clk 1:27:16]} e6 {[%clk 1:26:48]} 7. Nh3 {[%clk 1:21:39]} d5
{[%clk 1:22:47]} 8. O-O {[%clk 1:14:38]} dxe4 {[%clk 1:22:20]} 9. Nxe4
{[%clk 1:13:10]} Nxe4 {[%clk 1:22:34]} 10. Bxe4 {[%clk 1:12:11]} Be7
{[%clk 1:19:17]} 11. Be3 {[%clk 0:48:49]} Nd4 {[%clk 1:16:17]} 12. c3
{[%clk 0:42:31]} Nf5 {[%clk 1:16:13]} 13. Bf2 {[%clk 0:42:54]} Qc7
{[%clk 1:11:40]} 14. Qe2 {[%clk 0:28:27]} O-O {[%clk 1:08:19]} 15. d4
{[%clk 0:26:17]} cxd4 {[%clk 1:05:50]} 16. cxd4 {[%clk 0:26:41]} Rd8
{[%clk 0:57:39]} 17. Rac1 {[%clk 0:21:52]} Qa5 {[%clk 0:50:14]} 18. d5
{[%clk 0:18:58]} exd5 {[%clk 0:46:26]} 19. Rxc8 {[%clk 0:18:42]} dxe4
{[%clk 0:46:41]} 20. Rxa8 {[%clk 0:18:53]} Rxa8 {[%clk 0:46:56]} 21. Qxe4
{[%clk 0:19:09]} Bc5 {[%clk 0:39:32]} 22. Qxb7 {[%clk 0:11:07]} Bxf2+
{[%clk 0:39:07]} 23. Nxf2 {[%clk 0:11:20]} Rd8 {[%clk 0:38:07]} 24. Qe4
{[%clk 0:07:35]} Nd6 {[%clk 0:34:41]} 25. Qe7 {[%clk 0:06:15]} Nc4
{[%clk 0:33:39]} 26. b4 {[%clk 0:04:39]} Qb6 {[%clk 0:33:32]} 27. Qc5
{[%clk 0:03:10]} Qe6 {[%clk 0:28:09]} 28. f5 {[%clk 0:03:20]} Qe2
{[%clk 0:27:48]} 29. Rc1 {[%clk 0:01:24]} Ne3 {[%clk 0:25:18]} 30. Qe7
{[%clk 0:01:12]} Rf8 {[%clk 0:24:01]} 31. Qe4 {[%clk 0:01:24]} 1/2-1/2

[Event "MP do 16 lat - chlopcy"]
[Site "Sypniewo"]
[Date "2022.03.19"]
[Round "1.24"]
[White "Starosciak, Szymon"]
[Black "Bochenek, Ryszard"]
[Result "1-0"]
[BlackElo "1530"]
[WhiteElo "1921"]
[LiveChessVersion "1.4.8"]

1. Nf3 {[%clk 1:30:56]} Nf6 {[%clk 1:30:49]} 2. c4 {[%clk 1:31:11]} g6
{[%clk 1:30:56]} 3. b3 {[%clk 1:31:25]} Bg7 {[%clk 1:31:14]} 4. Bb2
{[%clk 1:31:49]} d6 {[%clk 1:31:11]} 5. d4 {[%clk 1:31:38]} O-O {[%clk 1:30:55]}
6. g3 {[%clk 1:32:01]} Nbd7 {[%clk 1:29:38]} 7. Bg2 {[%clk 1:32:24]} c5
{[%clk 1:28:34]} 8. O-O {[%clk 1:29:19]} e6 {[%clk 1:18:44]} 9. Nc3
{[%clk 1:25:14]} d5 {[%clk 1:05:53]} 10. cxd5 {[%clk 1:24:45]} exd5
{[%clk 1:03:13]} 11. e3 {[%clk 1:16:34]} b6 {[%clk 0:59:48]} 12. Qc2
{[%clk 1:00:16]} Re8 {[%clk 0:56:49]} 13. Rfd1 {[%clk 0:53:58]} Bb7
{[%clk 0:52:11]} 14. Rac1 {[%clk 0:49:57]} Rc8 {[%clk 0:50:19]} 15. Qb1
{[%clk 0:47:58]} Nf8 {[%clk 0:42:57]} 16. dxc5 {[%clk 0:42:23]} bxc5
{[%clk 0:41:59]} 17. Qa1 {[%clk 0:40:45]} Ne6 {[%clk 0:38:25]} 18. Nb5
{[%clk 0:33:54]} Ne4 {[%clk 0:26:20]} 19. Bxg7 {[%clk 0:32:09]} Nxg7
{[%clk 0:26:43]} 20. Nxa7 {[%clk 0:28:11]} Ra8 {[%clk 0:26:46]} 21. Nb5
{[%clk 0:28:32]} Qa5 {[%clk 0:22:38]} 22. Nc3 {[%clk 0:27:40]} Nf6
{[%clk 0:16:25]} 23. Qb2 {[%clk 0:23:06]} Nf5 {[%clk 0:15:18]} 24. Ng5
{[%clk 0:13:41]} Rad8 {[%clk 0:12:51]} 25. Na4 {[%clk 0:13:17]} Nd7
{[%clk 0:10:32]} 26. Bxd5 {[%clk 0:11:02]} Bxd5 {[%clk 0:09:40]} 27. Rxd5
{[%clk 0:11:26]} Ne7 {[%clk 0:09:37]} 28. Rdd1 {[%clk 0:08:14]} c4
{[%clk 0:09:18]} 29. Ne4 {[%clk 0:08:08]} Qf5 {[%clk 0:08:41]} 30. Rxd7
{[%clk 0:06:24]} Qxe4 {[%clk 0:07:21]} 31. Rxc4 {[%clk 0:05:30]} Qf3
{[%clk 0:06:06]} 32. Rf4 {[%clk 0:04:31]} 1-0